| 000 | 00373nam a22001337a 4500 | ||
|---|---|---|---|
| 082 |
_a915.1 _bTRA _cL-31, P-5 |
||
| 100 |
_aWaley, Arthur _946127 |
||
| 245 | _aThe travels of an alchemist/ | ||
| 260 |
_aLondon: _bLowe & Erydone (Printers) Ltd., _cc1963 |
||
| 300 |
_axii, 161p,; _c16cm |
||
| 526 |
_a0 _b0 _c0 _d915_100000000000000_TRA |
||
| 650 |
_aMCE _9379 |
||
| 942 |
_2ddc _cBK |
||
| 999 |
_c549471 _d549471 |
||